000 00480ntaaa2200193 4500
003 01
005 20251027202431.0
008 0714s1973 ag 01
040 _aAR-BaBN
_bspa
_cAR-BaBN
_eaacr
_dRIC
082 _a261.7100 H81
100 _aHoun, Franklin W.
_923189
245 _aA short history of communism
250 _a1 ed.
260 _aEnglewood Cliffs :
_bPrentice Hall Inc.,
_cc1967
300 _a245 p.
650 _aComunismo
_92897
650 _aChina
942 _cBK
999 _c19270
_d19270